000 00856nam a2200241Ia 4500
003 OSt
005 20220923225007.0
006 a|||||r|||| 00| 0
007 ta
008 220922b |||||||| |||| 00| 0 hin d
024 _a254,820
037 _cTextual
040 _aARTS
_cARTS
_bhin
041 _2hin
_ahin
082 _aO15,1F00w, 152N2
100 _aचटर्जी, सुनीति कुमार; कुशवाहा, आनन्द, अनु.
_9168296
245 0 _aजयदेव
246 _aJayadeva
260 _aनई दिल्ली
_b साहित्य अकादेमी
_c1992
300 _a63 पृ.
_ccm.
942 _hO15,1F00w, 152N2
_cTEXL
_2CC
999 _c375288
_d375288